00703nam a2200181 a 450000100100000000500170001000800410002702000150006804000250008308200180010824501200012626000740024630000340032065000510035465000540040570000290045970000330048800002252620240313114128.0101012s1996 dr a 000 0 spa d a9803170961 aDO-SdBNPbspacBNPHU a307.76bC581c00aCiudades del Caribe en el umbral del nuevo siglo /cAlejandro Portes, Carlos Dore Cabral ; prólogo Bryan Roberts. a[Santo Domingo]: Caracas, Venezuela :bFLACSO, Nueva Sociedad,c1996. a262 p. :bil., map. ;c24 cm. 4aCiudades y puebloszCaribe, RegiónxHistoria 4aUrbanizaciónzCaribe (Región{Rpara}xHistoria12aPortes, Alejandroecoor.12aDore y Cabral, Carlosecoor.